000 00694nam a2200229 i 4500
001 10119
003 ES-MaACL
005 20231216062902.0
008 950214s1994 sp ||||1| spa d
020 _a84-08-01127-8
080 _a821.134.2-31"19"
100 1 _aArrabal, Fernando,
_d1932-
_923204
245 1 3 _aEl mono o Enganchado al caballo /
_cFernando Arrabal.
246 3 _aEnganchado al caballo
250 _a1ª ed.
260 _aBarcelona :
_bPlaneta,
_c1994.
300 _a160 p. ;
_c21 cm.
490 1 _aAutores españoles e hispanoamericanos
830 1 _aAutores españoles e hispanoamericanos
_9177795
852 4 _aES-MaACL
_jL-17584
999 _c10119
_d10119